header

Lee's tarnished lieutenant (Record no. 17082)

MARC details
000 -LEADER
fixed length control field 01369nam a2200337Ia 4500
082 04 - DEWEY DECIMAL CLASSIFICATION NUMBER
Classification number 973.7/3/0924
100 1# - MAIN ENTRY--AUTHOR NAME
Personal name Piston, William Garrett.
245 10 - TITLE STATEMENT
Title Lee's tarnished lieutenant
260 ## - PUBLICATION, DISTRIBUTION, ETC. (IMPRINT)
Place of publication Athens :
Name of publisher University of Georgia Press,
Year of publication c1987.
300 ## - PHYSICAL DESCRIPTION
Number of Pages xv, 252 p. :
Other physical details maps, port.
650 #0 - SUBJECT ADDED ENTRY--TOPICAL TERM
Topical Term Generals
856 40 - ELECTRONIC LOCATION AND ACCESS
Uniform Resource Identifier http://site.ebrary.com/lib/rucke/Doc?id=10712861

No items available.

© 2026 Rongo University
Contact us: librarian | system librarian | Rongo university